000 00320nam a22001337a 4500
020 _a0000000539722
040 _cNUST
082 _a891.4393 ASL
100 _a Aslam Rahi
_989554
245 _aSikandar-e-Azam
260 _aLAHORE;
_bAmmar Publications,
_c2016.
650 _aUrdu Adab-Novel
_989555
942 _2ddc
_cBK
999 _c587655
_d587655